History of th great war Military operations, Gallipoli / (Record no. 185619)
[ view plain ]
| 000 -LEADER | |
|---|---|
| fixed length control field | 00854 a2200205 4500 |
| 003 - CONTROL NUMBER IDENTIFIER | |
| control field | Nust |
| 005 - DATE AND TIME OF LATEST TRANSACTION | |
| control field | 20221229113509.0 |
| 010 ## - LIBRARY OF CONGRESS CONTROL NUMBER | |
| LC control number | 29012692 |
| 040 ## - CATALOGING SOURCE | |
| Transcribing agency | Nust |
| 082 ## - DEWEY DECIMAL CLASSIFICATION NUMBER | |
| Classification number | 335.02,MIL |
| 100 ## - MAIN ENTRY--PERSONAL NAME | |
| Personal name | Aspinall-Oglander, Cecil Faber |
| 9 (RLIN) | 106324 |
| 245 ## - TITLE STATEMENT | |
| Title | History of th great war Military operations, Gallipoli / |
| Statement of responsibility, etc. | compiled by Br.-General C. F. Aspinall-Oglander |
| Medium | maps and sketches compiled by Major A. F. Becke |
| 260 ## - PUBLICATION, DISTRIBUTION, ETC. | |
| Place of publication, distribution, etc. | W. Heinemann ltd |
| Name of publisher, distributor, etc. | London |
| Date of publication, distribution, etc. | 1929-32 |
| 300 ## - PHYSICAL DESCRIPTION | |
| Extent | xv, 517 p |
| Other physical details | in 4 front |
| Dimensions | plates |
| Accompanying material | maps (part. fold.) diagrs |
| Type of unit | (1 fold.) 23 cm |
| 490 ## - SERIES STATEMENT | |
| Volume/sequential designation | VOL-2 |
| 505 ## - FORMATTED CONTENTS NOTE | |
| Formatted contents note | Part 1:- The Struggle for Achi Baba (Page-3), Part 2:- The August Offensive (Page-127), Part 3:- The Last Phase (Page-333). |
| 600 ## - SUBJECT ADDED ENTRY--PERSONAL NAME | |
| Personal name | Aspinall-Oglander, Cecil Faber |
| 9 (RLIN) | 106324 |
| 650 ## - SUBJECT ADDED ENTRY--TOPICAL TERM | |
| Topical term or geographic name entry element | Military operations, Gallipoli |
| 9 (RLIN) | 106325 |
| 942 ## - ADDED ENTRY ELEMENTS (KOHA) | |
| Koha item type | bound volumes |
| Source of classification or shelving scheme | |
| Call number prefix | 335.02,MIL |
| Withdrawn status | Lost status | Source of classification or shelving scheme | Damaged status | Not for loan | Permanent Location | Current Location | Shelving location | Date acquired | Total Checkouts | Full call number | Barcode | Date last seen | Date last checked out | Price effective from | Koha item type | Public note |
|---|---|---|---|---|---|---|---|---|---|---|---|---|---|---|---|---|
| Military College of Signals (MCS) | Military College of Signals (MCS) | General Stacks | 12/12/2016 | 1 | 335.02,MIL | MCS29279 | 02/27/2023 | 01/05/2023 | 12/12/2016 | Book | Almirah No.52, Shelf No.2 |
